000 00373nam a2200145Ia 4500
003 OSt
005 20240318155923.0
008 170523s9999 xx 000 0 und d
020 _a9789380027623
040 _cIIMT UNIVERSITY MEERUT
100 _aGupta R P
245 0 _aElectrical technology & Electronics
260 _aBharat Bharati Prakashan- Meerut
942 _2ddc
_c02
999 _c11940
_d11940